[Event "KSU 75th anniversary tournament"]
[Site "Copenhagen"]
[Date "2002.02.14"]
[Round "6"]
[White "Hector, Jonny"]
[Black "Ward, Chris"]
[Result "0-1"]
[WhiteElo "2507"]
[BlackElo "2486"]
[PlyCount "80"]
[EventDate "2002.02.??"]
[EventType "tourn"]
[EventRounds "9"]
[EventCountry "DEN"]
[SourceDate "2002.02.09"]

1. Nc3 c5 2. Nf3 Nc6 3. d4 cxd4 4. Nxd4 g6 5. e4 Bg7 6. Be3 Nf6 7. Bc4 d6 8. h3
O-O 9. Bb3 Na5 10. f4 b6 11. e5 Nh5 12. Bd5 dxe5 13. fxe5 Ba6 14. Qf3 Rc8 15.
O-O-O Rxc3 16. bxc3 Qc8 17. Nc6 Nxc6 18. Bxc6 Ng3 19. Qxg3 Qxc6 20. Bf4 Bc4 21.
Rd4 Bxa2 22. Rhd1 e6 23. Rd7 Qa4 24. R1d6 Bd5 25. Rd8 Be4 26. Qf2 Qa1+ 27. Kd2
Bxc2 28. Rxf8+ Bxf8 29. Rd8 Qd1+ 30. Ke3 Qxd8 31. Qxc2 Qd5 32. Kf2 h6 33. h4 b5
34. Kg3 a5 35. Qf2 Bg7 36. Qe3 a4 37. Kh3 a3 38. Qa7 a2 39. Qb8+ Kh7 40. Qa7
Qc4 0-1

[Event "KSU 75th anniversary tournament"]
[Site "Copenhagen"]
[Date "2002.02.14"]
[Round "6"]
[White "Jakobsen, Ole"]
[Black "Gausel, Einar"]
[Result "1/2-1/2"]
[WhiteElo "2405"]
[BlackElo "2520"]
[PlyCount "109"]
[EventDate "2002.02.??"]
[EventType "tourn"]
[EventRounds "9"]
[EventCountry "DEN"]
[SourceDate "2002.02.09"]

1. d4 d5 2. c4 c6 3. Nf3 Nf6 4. e3 e6 5. Bd3 dxc4 6. Bxc4 Nbd7 7. O-O Bd6 8.
Nc3 b5 9. Bd3 Bb7 10. e4 e5 11. a3 O-O 12. h3 Re8 13. Re1 a6 14. dxe5 Nxe5 15.
Nxe5 Bxe5 16. Qf3 h6 17. Bc2 c5 18. Bf4 Qc7 19. Bxe5 Qxe5 20. Qe3 Rad8 21. Rad1
Nh5 22. Rxd8 Rxd8 23. Rd1 Rd4 24. Re1 Rd6 25. Rd1 Rd4 26. Re1 Nf4 27. Ne2 Nxe2+
28. Rxe2 Rd8 29. Qc3 Qd4 30. Qxd4 Rxd4 31. Kf1 Kf8 32. f4 b4 33. Ke1 Rd8 34.
axb4 cxb4 35. Rd2 Rc8 36. Kf2 a5 37. Ke3 Bc6 38. b3 Bb5 39. Bd1 Rc3+ 40. Kf2
Bd3 41. e5 g5 42. fxg5 hxg5 43. Ra2 Rc5 44. Ke3 Bb1 45. Ra1 Bf5 46. Kd4 Rc3 47.
Be2 Rxb3 48. Rxa5 Be6 49. Bc4 Bxc4 50. Kxc4 Rb2 51. g4 Rh2 52. Kxb4 Rxh3 53.
Kc5 Rd3 54. Ra4 Ke7 55. Rd4 $11 1/2-1/2

[Event "KSU 75th anniversary tournament"]
[Site "Copenhagen"]
[Date "2002.02.14"]
[Round "6"]
[White "Sahl, Bjarke"]
[Black "Mortensen, Erling"]
[Result "0-1"]
[WhiteElo "2406"]
[BlackElo "2441"]
[PlyCount "57"]
[EventDate "2002.02.??"]
[EventType "tourn"]
[EventRounds "9"]
[EventCountry "DEN"]
[SourceDate "2002.02.09"]

1. d4 g6 2. e4 Bg7 3. Nc3 c6 4. Bc4 d6 5. Qf3 e6 6. Nge2 b5 7. Bb3 a5 8. a4 b4
9. Nb1 Ba6 10. Be3 d5 11. Nd2 Nd7 12. h4 h6 13. O-O-O Ne7 14. g4 e5 15. h5 g5
16. exd5 cxd5 17. Ne4 O-O 18. N4g3 e4 19. Qg2 Bxe2 20. Nxe2 Nb6 21. f4 exf3 22.
Qxf3 f5 23. Bxg5 hxg5 24. h6 Bf6 25. gxf5 Kh8 26. Ng3 Nc6 27. Rhe1 Nxd4 28. Qg4
Nxb3+ 29. cxb3 0-1

[Event "KSU 75th anniversary tournament"]
[Site "Copenhagen"]
[Date "2002.02.14"]
[Round "6"]
[White "Schandorff, Lars"]
[Black "Hoi, Carsten"]
[Result "1-0"]
[WhiteElo "2545"]
[BlackElo "2409"]
[PlyCount "95"]
[EventDate "2002.02.??"]
[EventType "tourn"]
[EventRounds "9"]
[EventCountry "DEN"]
[SourceDate "2002.02.09"]

1. d4 Nf6 2. c4 g6 3. Nc3 Bg7 4. e4 d6 5. Nf3 O-O 6. Be2 Bg4 7. Be3 Nfd7 8. Rc1
e5 9. d5 a5 10. a3 Na6 11. h3 Bxf3 12. Bxf3 f5 13. Qc2 Kh8 14. Rb1 Qe7 15. b4
axb4 16. axb4 Bf6 17. Qc1 Bh4 18. Ke2 f4 19. Bd2 Nb6 20. Nd1 h5 21. Nb2 c6 22.
Qc2 Rfe8 23. Rhe1 cxd5 24. exd5 Qf7 25. Kf1 Rac8 26. Qd3 Bf6 27. Be4 Rg8 28.
Rec1 Nd7 29. Na4 Bd8 30. Be1 Qe8 31. Ra1 Nb6 32. Nb2 Nd7 33. c5 dxc5 34. b5 c4
35. Nxc4 Nac5 36. Qb1 Nxe4 37. Qxe4 Nf6 38. Qxe5 Qxb5 39. Qxf4 g5 40. Qd4 Re8
41. Rab1 Qa6 42. Qd3 Re4 43. Nb2 Rxc1 44. Rxc1 Qxd3+ 45. Nxd3 Nxd5 46. Rc8 Re8
47. Bd2 g4 48. Bg5 1-0

[Event "KSU 75th anniversary tournament"]
[Site "Copenhagen"]
[Date "2002.02.14"]
[Round "6"]
[White "de Firmian, Nick"]
[Black "Brinck Claussen, Bjorn"]
[Result "1/2-1/2"]
[WhiteElo "2536"]
[BlackElo "2359"]
[PlyCount "137"]
[EventDate "2002.02.??"]
[EventType "tourn"]
[EventRounds "9"]
[EventCountry "DEN"]
[SourceDate "2002.02.09"]

1. e4 e5 2. Nf3 Nc6 3. Bb5 a6 4. Ba4 Nf6 5. O-O Be7 6. Re1 b5 7. Bb3 O-O 8. c3
d5 9. exd5 Nxd5 10. Nxe5 Nxe5 11. Rxe5 c6 12. Bxd5 cxd5 13. d4 Bd6 14. Re3 Qh4
15. h3 Qf4 16. Re5 Qf6 17. Re1 Qg6 18. Qf3 Be6 19. Be3 Qc2 20. Qe2 Qg6 21. Kh1
Rae8 22. Nd2 Bd7 23. Qf3 Bb8 24. Nf1 Re4 25. Ng3 Bxg3 26. fxg3 Rfe8 27. Kg1 h6
28. b3 R8e6 29. Rac1 Rf6 30. Bf4 Bf5 31. Qf2 Rxe1+ 32. Rxe1 Be4 33. Qd2 Rc6 34.
Kh2 Qe6 35. g4 Qg6 36. Bg3 Rc8 37. Re3 Rc6 38. Qe2 Qe6 39. Be5 Qc8 40. Qe1 Re6
41. Qg3 f6 42. Bf4 Bb1 43. a4 bxa4 44. bxa4 Rxe3 45. Qxe3 Be4 46. Qd2 Qc4 47.
a5 Qd3 48. Qb2 Kh7 49. Kg1 Qd1+ 50. Kf2 Qh1 51. Kg3 Qe1+ 52. Kh2 Qf1 53. Bd6
Kg6 54. Qd2 Kf7 55. Kg3 Qd3+ 56. Qxd3 Bxd3 57. Kf4 Bf1 58. Kf3 Bc4 59. h4 Bb5
60. g3 Bd3 61. Ke3 Bc4 62. Kd2 Bb5 63. Kc2 Bc4 64. Kb2 Ke6 65. Bc5 Be2 66. Kb3
f5 67. gxf5+ Kxf5 68. Kb4 h5 69. Bd6 1/2-1/2

[Event "KSU 75th anniversary tournament"]
[Site "Copenhagen"]
[Date "2002.02.15"]
[Round "7"]
[White "Brinck Claussen, Bjorn"]
[Black "Jakobsen, Ole"]
[Result "1/2-1/2"]
[WhiteElo "2359"]
[BlackElo "2405"]
[PlyCount "40"]
[EventDate "2002.02.??"]
[EventType "tourn"]
[EventRounds "9"]
[EventCountry "DEN"]
[SourceDate "2002.02.09"]

1. e4 e6 2. d4 d5 3. Nd2 Nf6 4. e5 Nfd7 5. f4 c5 6. c3 Nc6 7. Ndf3 cxd4 8. cxd4
f5 9. Bd3 Be7 10. Ne2 O-O 11. h3 Nb6 12. g4 Bd7 13. Ng3 a5 14. Qe2 Bh4 15. Rg1
Bxg3+ 16. Rxg3 Nb4 17. Bb1 Qc7 18. Be3 Rac8 19. gxf5 exf5 20. Rg2 Ba4 $11
1/2-1/2

[Event "KSU 75th anniversary tournament"]
[Site "Copenhagen"]
[Date "2002.02.15"]
[Round "7"]
[White "Gausel, Einar"]
[Black "Hector, Jonny"]
[Result "0-1"]
[WhiteElo "2520"]
[BlackElo "2507"]
[PlyCount "76"]
[EventDate "2002.02.??"]
[EventType "tourn"]
[EventRounds "9"]
[EventCountry "DEN"]
[SourceDate "2002.02.09"]

1. d4 d5 2. Nf3 Nf6 3. c4 c6 4. Qb3 e6 5. Bg5 h6 6. Bh4 Qa5+ 7. Nc3 Ne4 8. e3
Bb4 9. Rc1 b5 10. cxb5 a6 11. Bd3 axb5 12. O-O Bxc3 13. bxc3 Qxa2 14. Qd1 Nd7
15. Rc2 Qb3 16. Nd2 Nxd2 17. Qxd2 Ra3 18. f3 c5 19. Rfc1 c4 20. Rb2 Qa4 21. Bc2
Qa5 22. Bd1 Bb7 23. Bg3 Ke7 24. e4 Ra8 25. Qf4 Ra6 26. Qh4+ Ke8 27. Rcb1 Qxc3
28. Rxb5 Ra1 29. Rxb7 Rxb1 30. Rxb1 Ra1 31. Be1 Qxd4+ 32. Bf2 Qc3 33. Be1 Qe3+
34. Bf2 Qa3 35. Rxa1 Qxa1 36. h3 Qxd1+ 37. Kh2 c3 38. exd5 c2 0-1

[Event "KSU 75th anniversary tournament"]
[Site "Copenhagen"]
[Date "2002.02.16"]
[Round "8"]
[White "Hector, Jonny"]
[Black "Brinck Claussen, Bjorn"]
[Result "1-0"]
[WhiteElo "2507"]
[BlackElo "2359"]
[PlyCount "47"]
[EventDate "2002.02.??"]
[EventType "tourn"]
[EventRounds "9"]
[EventCountry "DEN"]
[SourceDate "2002.02.09"]

1. e4 e5 2. Nf3 Nc6 3. d4 exd4 4. Nxd4 Bc5 5. Be3 Qf6 6. c3 Nge7 7. Bc4 b6 8.
Qd2 Bb7 9. b4 Bxd4 10. cxd4 O-O-O 11. Nc3 Qg6 12. d5 Qxg2 13. O-O-O Ne5 14. Be2
Nf3 15. Qc2 Kb8 16. Nb5 Rc8 17. Qa4 a6 18. Nc3 c6 19. d6 b5 20. Qa5 Ng6 21. Bc5
Nf4 22. Bf1 Qxh1 23. Qb6 Rce8 24. Na4 1-0

[Event "KSU 75th anniversary tournament"]
[Site "Copenhagen"]
[Date "2002.02.16"]
[Round "8"]
[White "Jakobsen, Ole"]
[Black "Mortensen, Erling"]
[Result "1-0"]
[WhiteElo "2405"]
[BlackElo "2441"]
[PlyCount "79"]
[EventDate "2002.02.??"]
[EventType "tourn"]
[EventRounds "9"]
[EventCountry "DEN"]
[SourceDate "2002.02.09"]

1. d4 d6 2. e4 Nf6 3. f3 g6 4. Be3 Bg7 5. Qd2 O-O 6. Nc3 c6 7. Nge2 Nbd7 8. Bh6
b5 9. Bxg7 Kxg7 10. a4 b4 11. Nd1 Rb8 12. Ne3 c5 13. h4 h5 14. d5 Ne5 15. Ng3
Qc7 16. b3 e6 17. Be2 exd5 18. exd5 Re8 19. O-O-O Bd7 20. Rde1 Re7 21. f4 Neg4
22. Bxg4 Bxg4 23. Nc4 Rbe8 24. Rxe7 Qxe7 25. f5 Kg8 26. fxg6 fxg6 27. Rf1 Qg7
28. Kb1 Kh7 29. Nxd6 Re5 30. Nc4 Rxd5 31. Qf4 Nd7 32. Ne4 Rf5 33. Qc1 Qd4 34.
Ng5+ Kg8 35. Qe1 Rxf1 36. Qxf1 Bf5 37. Qe1 Kf8 38. Ne6+ Bxe6 39. Qxe6 Nf6 40.
Ne5 1-0

[Event "KSU 75th anniversary tournament"]
[Site "Copenhagen"]
[Date "2002.02.16"]
[Round "8"]
[White "Schandorff, Lars"]
[Black "Sahl, Bjarke"]
[Result "1/2-1/2"]
[WhiteElo "2545"]
[BlackElo "2406"]
[PlyCount "97"]
[EventDate "2002.02.??"]
[EventType "tourn"]
[EventRounds "9"]
[EventCountry "DEN"]
[SourceDate "2002.02.09"]

1. d4 f5 2. Nc3 d5 3. Bf4 Nf6 4. e3 e6 5. Nf3 a6 6. Bd3 Nc6 7. O-O Bd6 8. Ne2
Nb4 9. a3 Nxd3 10. cxd3 O-O 11. Rc1 Bd7 12. Qb3 Rb8 13. Rc3 Qe7 14. Rfc1 c6 15.
Qb6 Be8 16. Bxd6 Qxd6 17. Nf4 Nd7 18. Qb4 Qxb4 19. axb4 Bf7 20. Ne5 Nf6 21. h4
Rbd8 22. Ra3 Ne8 23. Raa1 Nd6 24. h5 Rfe8 25. f3 Re7 26. g4 Be8 27. Kf2 fxg4
28. fxg4 Nf7 29. Kg3 Nxe5 30. dxe5 g5 31. Nh3 h6 32. Rf1 Rf7 33. Rxf7 Bxf7 34.
d4 Rf8 35. Nf2 Be8 36. Nd3 Bd7 37. Nc5 Bc8 38. Kg2 Kf7 39. Rf1+ Ke7 40. Rxf8
Kxf8 41. Kf3 Ke7 42. e4 Kd8 43. Ke3 Kc7 44. Nd3 Bd7 45. Nc5 Bc8 46. Kd3 b6 47.
Na4 Bd7 48. Nc3 Be8 49. Ke3 $11 1/2-1/2

[Event "KSU 75th anniversary tournament"]
[Site "Copenhagen"]
[Date "2002.02.16"]
[Round "8"]
[White "de Firmian, Nick"]
[Black "Hoi, Carsten"]
[Result "1/2-1/2"]
[WhiteElo "2536"]
[BlackElo "2409"]
[PlyCount "29"]
[EventDate "2002.02.??"]
[EventType "tourn"]
[EventRounds "9"]
[EventCountry "DEN"]
[SourceDate "2002.02.09"]

1. e4 d6 2. d4 Nf6 3. Nc3 g6 4. f4 Bg7 5. Nf3 O-O 6. Bd3 Na6 7. O-O c5 8. d5
Bg4 9. h3 Bxf3 10. Qxf3 Nb4 11. a3 Nxd3 12. cxd3 Rb8 13. a4 a6 14. Kh1 b5 15.
axb5 1/2-1/2

[Event "KSU 75th anniversary tournament"]
[Site "Copenhagen"]
[Date "2002.02.17"]
[Round "9"]
[White "Brinck Claussen, Bjorn"]
[Black "Ward, Chris"]
[Result "1/2-1/2"]
[WhiteElo "2359"]
[BlackElo "2486"]
[PlyCount "81"]
[EventDate "2002.02.??"]
[EventType "tourn"]
[EventRounds "9"]
[EventCountry "DEN"]
[SourceDate "2002.02.09"]

1. e4 c5 2. Nf3 Nc6 3. d4 cxd4 4. Nxd4 g6 5. Nc3 Bg7 6. Be3 Nf6 7. Bc4 O-O 8.
Bb3 d6 9. f3 Bd7 10. Qd2 Nxd4 11. Bxd4 b5 12. h4 a5 13. a4 bxa4 14. Nxa4 Be6
15. Nb6 Ra6 16. Nd5 Bxd5 17. exd5 Qc7 18. Ra4 Rb8 19. O-O Nd7 20. Bxg7 Kxg7 21.
h5 Nc5 22. Rh4 Nxb3 23. cxb3 Qc5+ 24. Kh2 Rb4 25. h6+ Kf8 26. Rc1 Rxh4+ 27. Kg3
Rb4 28. Rxc5 dxc5 29. Qc3 f6 30. Qxc5 Rb8 31. Qc7 Rba8 32. Kf4 Rd6 33. Ke4 Kf7
34. f4 Rad8 35. Qxa5 Rb8 36. Kd4 Rdb6 37. Kc5 Rxb3 38. d6 exd6+ 39. Kc6 Ke8 40.
Qe1+ Kf7 41. Qa5 1/2-1/2

[Event "KSU 75th anniversary tournament"]
[Site "Copenhagen"]
[Date "2002.02.17"]
[Round "9"]
[White "Gausel, Einar"]
[Black "Schandorff, Lars"]
[Result "1/2-1/2"]
[WhiteElo "2520"]
[BlackElo "2545"]
[PlyCount "32"]
[EventDate "2002.02.??"]
[EventType "tourn"]
[EventRounds "9"]
[EventCountry "DEN"]
[SourceDate "2002.02.09"]

1. Nf3 Nf6 2. c4 b6 3. g3 c5 4. Bg2 Bb7 5. O-O e6 6. Nc3 a6 7. Re1 d6 8. e4 Be7
9. d4 cxd4 10. Nxd4 Qc7 11. Be3 O-O 12. Rc1 Nbd7 13. f4 h5 14. h3 Rfe8 15. Bf2
Bf8 16. b3 g6 1/2-1/2

[Event "KSU 75th anniversary tournament"]
[Site "Copenhagen"]
[Date "2002.02.17"]
[Round "9"]
[White "Hoi, Carsten"]
[Black "Jakobsen, Ole"]
[Result "1-0"]
[WhiteElo "2409"]
[BlackElo "2405"]
[PlyCount "97"]
[EventDate "2002.02.??"]
[EventType "tourn"]
[EventRounds "9"]
[EventCountry "DEN"]
[SourceDate "2002.02.09"]

1. Nf3 d5 2. d4 Nf6 3. c4 e6 4. Nc3 Be7 5. Bg5 O-O 6. e3 Nbd7 7. Rc1 dxc4 8.
Bxc4 a6 9. a4 c5 10. O-O cxd4 11. exd4 Nb6 12. Bb3 Bd7 13. Ne5 Bc6 14. Qd3 Nfd5
15. Nxd5 Nxd5 16. Bc2 g6 17. Bh6 Bg5 18. Nxc6 bxc6 19. Bxf8 Bxc1 20. Rxc1 Qxf8
21. Bb3 Nb4 22. Qe3 a5 23. g3 Qd6 24. Rc5 Rd8 25. Rxa5 Qxd4 26. Ra8 Qd7 27.
Rxd8+ Qxd8 28. Qc5 Qd2 29. Qc3 Qd6 30. a5 c5 31. Bc4 Qd8 32. Qa3 Nc6 33. a6 Qb6
34. h4 Kf8 35. Bf1 Ke7 36. Qe3 Nb4 37. Qa3 Nc6 38. Qa4 h5 39. b3 Na7 40. Qc4
Qb4 41. Qc2 Kd6 42. Qd1+ Kc7 43. Qf3 f5 44. Qe3 Kd6 45. Bc4 e5 46. Qd3+ Kc7 47.
Qd5 Nc6 48. Qf7+ Kb8 49. Bd5 1-0